01018nam a2200265 a 450000100060000000300080000600500170001400800410003102000390007203500190011104000350013004100080016508200260017310000450019924500830024425000120032726000360033930000340037550400510040965000610046070000410052194200120056299900170057495201610059162136BD-RjUL20211209081040.0170123s2007 njua b 001 0 eng d a9780471723493 (cloth : alk. paper) a(BD-RjUL)62261 aBD-RjULcBD-RjULdBD-RjULbeng aeng00a747.852223bPID 20071 aPiotrowski, Christine M.,d1947-918485710aDesigning commercial interiors /cChristine M.Piotrowski, Elizabeth A. Rogers. a2nd ed. aHoboken, N.J. :bWiley,cc2007. axiv, 448 p. :bill. ;c29 cm. aIncludes bibliographical references and index. 0aCommercial buildingsxDecorationzUnited States.91848581 aRogers, Elizabeth A.,d1939-9184859 2ddccBK c62136d62136 00102ddc40718NFICaRUCLbRUCLcReadingd2013-06-22eDhaka, Space, Marketing comm.g980.00l0o747.852 PID 2007r2017-01-23 00:00:00tC-1w2017-01-23yBK